000 01358nam a22002177a 4500
999 _c59456
_d59456
003 Ge_BSU
005 20230221163415.0
008 230221s2015ge xxu||||| |||| 00| 0 geo d
020 _a9789941459276
041 _ageo
080 _a664.05(042.4) გ-59
100 _aგოგიშვილი, ნანა, ავტორი.
_917001
245 _aსასურსათო პროდუქტთა საწარმოების ტექნოლოგიური მოწყობილობა :
_b სალექციო კურსი /
_cნანა გოგიშვილი, მურთაზ სვანაძე ; რედაქტორი ქეთევან კინწურაშვილი
264 _aქუთაისი :
_bაკაკი წერეთლის სახელმწ. უნ-ტის გამ-ბა,
_c2015.
300 _a344 გვ. :
_bნახ. ;
_c21 სმ.
504 _aბიბლიოგრაფია: გვ. 336.
653 _aკვების საწარმოების მოწყობილიბები -- ლექციების კურსი.
700 _aსვანაძე, მურთაზ
_917002
700 _aკინწურაშვილი, ქეთევან
_eრედაქტორი
_917003
942 _2udc
_cBK